Gaming Quiz

Random Gaming or Company Quiz

Battlefield Bad Company 2 Weapons Quiz Stats

 Plays Quiz not verified by Sporcle

Support Sporcle.
Go Orange.
Score 0/28 Timer 05:00
0 Plays Today
Class Weapon % Correct
AssaultM16 A2
84.2%
ReconM24
68.4%
AssaultXM8
65.8%
AssaultF2000
65.8%
Assault AEK-971
63.2%
AssaultM416
63.2%
MedicM60
60.5%
MedicMG3
57.9%
ReconGOL
57.9%
ReconM95
57.9%
EngineerUMP45
55.3%
MedicM249
52.6%
ReconVSS
52.6%
AssaultSTG 77 AUG
50%
Class Weapon % Correct
MedicPKM
50%
ReconSV98
50%
MedicMG36
47.4%
AssaultAN-94
44.7%
EngineerSCAR-L
44.7%
EngineerXM8 Compact
44.7%
EngineerPP-2000
44.7%
MedicXM8 LMG
44.7%
EngineerAKS-74U
42.1%
MedicT88
39.5%
ReconSVU
39.5%
EngineerUzi
36.8%
ReconT88 S
31.6%
Engineer9A-91
18.4%

You're not logged in!

Compare scores with friends on all Sporcle quizzes.
OR
Log In

From the Vault

Fewest Letters II

by Leeny

In this quiz, good things come in small packages.
Remove Ads.
Support Sporcle.
Get the best of Sporcle when you Go Orange. This ad-free experience offers more features, more stats, and more fun while also helping to support Sporcle. Thank you for becoming a member.

Show Comments

Extras

Top Quizzes Today


Score Distribution

Your Account Isn't Verified!

In order to create a playlist on Sporcle, you need to verify the email address you used during registration. Go to your Sporcle Settings to finish the process.

Report this User

Report this user for behavior that violates our Community Guidelines.

Details: